|
|
|
|
| LEADER |
01465nam a2200325 a 4500 |
| 001 |
14055139 |
| 003 |
BD-DhAAL |
| 005 |
20190226115739.0 |
| 008 |
131008r20051980nyua b 001 0 eng |
| 999 |
|
|
|c 14056
|d 14056
|
| 010 |
|
|
|a 2005053026
|
| 020 |
|
|
|a 0486445682 (pbk.)
|
| 040 |
|
|
|a DLC
|c DLC
|d DLC
|d BD-DhAAL
|
| 050 |
0 |
0 |
|a QC174.45
|b .I77 2005
|
| 082 |
0 |
0 |
|a 530.143
|2 22
|
| 100 |
1 |
|
|a Itzykson, Claude.
|9 3404
|
| 245 |
1 |
0 |
|a Quantum field theory /
|c Claude Itzykson, Jean-Bernard Zuber.
|
| 250 |
|
|
|a Dover edition
|
| 260 |
|
|
|a Mineola, N.Y. :
|b Dover Publications,
|c 2005.
|
| 300 |
|
|
|a xxxiv, 705 pages :
|b illustrations ;
|c 24 cm.
|
| 490 |
|
|
|a Dover books on physics
|
| 500 |
|
|
|a Originally published: New York : McGraw-Hill, 1980, in series: International series in pure and applied physics. With new pref. and list of errata.
|
| 504 |
|
|
|a Includes bibliographical references and index.
|
| 541 |
|
|
|e 27637, 27638
|
| 650 |
|
0 |
|a Quantum field theory.
|9 3405
|
| 700 |
1 |
|
|a Zuber, Jean Bernard.
|9 3406
|
| 852 |
|
|
|a Ayesha Abed Library
|c General Stacks
|
| 942 |
|
|
|2 ddc
|c BK
|
| 952 |
|
|
|0 0
|1 0
|2 ddc
|4 0
|6 530_143000000000000_ITZ
|7 0
|9 23585
|a BRACUL
|b BRACUL
|c GEN
|d 2013-10-08
|e Trim Education
|g 3150.00
|l 5
|m 12
|o 530.143 ITZ
|p 3010027637
|r 2025-10-16
|s 2025-08-19
|t 1
|w 2013-10-08
|y BK
|
| 952 |
|
|
|0 0
|1 0
|2 ddc
|4 0
|6 530_143000000000000_ITZ
|7 0
|9 23586
|a BRACUL
|b BRACUL
|c GEN
|d 2013-10-08
|e Trim Education
|g 3150.00
|l 1
|m 30
|o 530.143 ITZ
|p 3010027638
|r 2020-02-04
|s 2019-05-12
|t 2
|w 2013-10-08
|y BK
|